000 00608nam a2200205Ia 4500
005 20260429112144.0
008 260429s9999||||xx |||||||||||||| ||und||
020 _a9781119988656
041 _aEnglish
082 _a001.42
_bTRA
100 _aTracy, Sarah J.
245 0 _aQualitative research methods :
_bcollecting evidence, crafting analysis, communicating impact /
_cSarah J. Tracy
250 _a3rd ed.
260 _aNew Jersey :
_bWiley Blackwell,
_c2025.
300 _axxv, 450 p.; pbk
650 _a Crafting analysis
650 _a Qualitative
650 _aResearch methods
942 _cTB
999 _c52639
_d52639